banner-ar

AN ILLUSTRATED COLOUR TEXT EAR NOSE AND THROAT AND HEAD AND NECK SURGERY / (Record no. 20983)

MARC details
000 -الفاتح
حقل البيانات ثابتة الطول 00538nam a2200193Ia 4500
008 - عناصر البيانات ثابتة الطول - معلومات عامة
حقل البيانات ثابتة الطول 140319s9999 xx 000 0 eng d
040 ## - مصدر الفهرسة
وكالة الفهرسة الأصلية GCL /
وكالة النسخ GCL
082 04 - رقم تصنيف ديوى العشرى
رقم التصنيف 617
رقم المادة D I
100 1# - المدخل الرئيسى - إسم شخصى
الإسم الشخصى DHILLON, R. S.
245 10 - بيان العنوان
العنوان AN ILLUSTRATED COLOUR TEXT EAR NOSE AND THROAT AND HEAD AND NECK SURGERY /
بيان المسئوليه,etc DHILLON, R. S.
700 1# - المدخل الاضافى - اسم شخصى
الإسم الشخصى EAST, C.A.
260 ## - PUBLICATION, DISTRIBUTION, ETC. (IMPRINT)
تاريخ النشر أو التوزيع 1994
300 ## - الوصف المادى
التعداد 120 P
650 04 - المدخل الاضافى بالموضوع-مصطلح موضوعى
مصطلح موضوعي EAR DISEASES
650 04 - المدخل الاضافى بالموضوع-مصطلح موضوعى
مصطلح موضوعي NOSE DISEASES
650 04 - المدخل الاضافى بالموضوع-مصطلح موضوعى
مصطلح موضوعي THROAT DISEASES
942 ## - عناصر المدخل الإضافي( كوها)
مصدر التصنيف او مخطط الترفيف Dewey Decimal Classification
Koha [default] item type كتاب
260 ## - PUBLICATION, DISTRIBUTION, ETC. (IMPRINT)
-- [S.N] :
-- CHURCHILL LIVINGSTONE ،
Holdings
حالة التراجع حالة الفقد حالة تلف ليس للاعارة المكان المؤقت الموقع الحالى تاريخ الاكتساب اجمالي اﻻعارات رقم الطلب الباركود تاريخ اخر مشاهدة تاريخ تفعيل السعر نوع وعاء كوها
        مكتبة القاهرة الكبرى مكتبة القاهرة الكبرى 03/26/2014   617\D I 39023 03/26/2014 03/26/2014 كتاب

Powered By

EGPV